00301nam a2200121Ia 45000030006000000080041000060400015000471000019000622450022000812600047001035460012001500050017001620STCL150530s9999 xx 000 0 und d aSTCLcSTCL aRangaswami, G. aPythiaceous fungi bIndian Council of Agricultural Researchc0 aEnglish20220125170351.0